Statistics for Tour de France Countries

Click here to take the quiz!

General Stats

  • This quiz has been taken 120 times
    (34 since last reset)
  • The average score is 12 of 14

Answer Stats

#StartCountry% Correct
134Germany
97%
11185France
94%
131Italy
94%
142Spain
94%
181Switzerland
94%
495Belgium
91%
60Andorra
88%
11Denmark
88%
96Netherlands
88%
42United Kingdom
88%
61Monaco
85%
72Luxembourg
82%
11Ireland
76%
10San Marino
42%

Score Distribution

Percentile by Number Answered

Percent of People with Each Score

Your Score History

You have not taken this quiz since the last reset